Auction laws of Malaysia : (Record no. 4270)
[ view plain ]
| 000 -LEADER | |
|---|---|
| fixed length control field | nam a22 a 4500 |
| 003 - CONTROL NUMBER IDENTIFIER | |
| control field | AKMAL |
| 005 - DATE AND TIME OF LATEST TRANSACTION | |
| control field | 20170526110621.0 |
| 008 - FIXED-LENGTH DATA ELEMENTS--GENERAL INFORMATION | |
| fixed length control field | 170526s1995 my 00 eng d |
| 020 ## - INTERNATIONAL STANDARD BOOK NUMBER | |
| International Standard Book Number | 9678903652 (pbk.): |
| Terms of availability | Rgt. 12.00 |
| 082 04 - DEWEY DECIMAL CLASSIFICATION NUMBER | |
| Classification number | 346.595065 AUC |
| 090 ## - LOCALLY ASSIGNED LC-TYPE CALL NUMBER (OCLC); LOCAL CALL NUMBER (RLIN) | |
| Classification number (OCLC) (R) ; Classification number, CALL (RLIN) (NR) | 346.595065 |
| Local cutter number (OCLC) ; Book number/undivided call number, CALL (RLIN) | AUC |
| 110 1# - MAIN ENTRY--CORPORATE NAME | |
| Corporate name or jurisdiction name as entry element | Malaysia |
| 9 (RLIN) | 400 |
| 245 1# - TITLE STATEMENT | |
| Title | Auction laws of Malaysia : |
| Remainder of title | (as at 25th. September 1995) / |
| Statement of responsibility, etc. | compiled by Legal Research Board |
| 260 ## - PUBLICATION, DISTRIBUTION, ETC. | |
| Place of publication, distribution, etc. | Kuala Lumpur : |
| Name of publisher, distributor, etc. | International Law Book Services, |
| Date of publication, distribution, etc. | 1995 |
| 300 ## - PHYSICAL DESCRIPTION | |
| Extent | 44p. ; |
| Dimensions | 24cm |
| 650 ## - SUBJECT ADDED ENTRY--TOPICAL TERM | |
| Topical term or geographic name entry element | Auctions |
| Geographic subdivision | Malaysia |
| 9 (RLIN) | 8341 |
| 650 ## - SUBJECT ADDED ENTRY--TOPICAL TERM | |
| Topical term or geographic name entry element | Commercial law |
| Geographic subdivision | Malaysia |
| 9 (RLIN) | 3703 |
| 942 ## - ADDED ENTRY ELEMENTS (KOHA) | |
| Source of classification or shelving scheme | |
| Koha item type | Book |
| Withdrawn status | Lost status | Source of classification or shelving scheme | Damaged status | Not for loan | Collection code | Home library | Current library | Shelving location | Date acquired | Inventory number | Total Checkouts | Full call number | Barcode | Date last seen | Price effective from | Koha item type |
|---|---|---|---|---|---|---|---|---|---|---|---|---|---|---|---|---|
| NON-FICTION | AKMAL Melaka | AKMAL Melaka | PINJAMAN | 26.05.2017 | 002620 | 346.595065 AUC | 201705610 | 26.05.2017 | 26.05.2017 | Book |
